Państwa Ameryki Południowej z Medalem Igrzysk Olimpijskich - Statystyki

Ogólne statystyki
  • Ten quiz został rozwiązany 27 razy
  • Średni wynik to 10 z 11
Statystyki odpowiedzi
Zdobyty 1 Medal Odpowiedź % Poprawnych
1924 Paryż Argentyna
100%
1920 Antwerpia Brazylia
100%
1972 Monachium Kolumbia
100%
1924 Paryż Urugwaj
100%
1928 Amsterdam Chile
96%
2004 Ateny Paragwaj
96%
1948 Londyn Peru
96%
1952 Helsinki Wenezuela
96%
1996 Atlanta Ekwador
88%
1980 Moskwa Gujana
88%
1988 Seul Surinam
80%
Nie znaleziono quizów pasujących do podanych kryteriów
Rozkład punktacji
Procent ludzi z każdym wynikiem
Percentyl według liczby udzielonych odpowiedzi
Twoja historia wyników
Nie rozwiązałeś tego quizu